<?xml version="1.0" encoding="UTF-8"?>
<collection xmlns="http://www.loc.gov/MARC21/slim">
<record>
  <controlfield tag="001">2692</controlfield>
  <controlfield tag="005">20160701171709.0</controlfield>
  <datafield tag="024" ind1="7" ind2=" ">
    <subfield code="a">10.1051/eas/1571062</subfield>
    <subfield code="2">DOI</subfield>
  </datafield>
  <datafield tag="037" ind1=" " ind2=" ">
    <subfield code="a">ASTROimport-849</subfield>
  </datafield>
  <datafield tag="100" ind1=" " ind2=" ">
    <subfield code="a">Lobel, A.</subfield>
  </datafield>
  <datafield tag="260" ind1=" " ind2=" ">
    <subfield code="c">2015</subfield>
  </datafield>
  <datafield tag="245" ind1=" " ind2=" ">
    <subfield code="a">Yellow Hypergiants: A Comparative Study of HR 5171A, Rho Cas, and HR 8752</subfield>
  </datafield>
  <datafield tag="520" ind1=" " ind2=" ">
    <subfield code="a">We present a comparative study of the detailed spectroscopic variability of selected Fe i absorption lines observed between 1991 and 1995 in the optical spectra of the bright yellow hypergiants HR 5171A and Rho Cas. We also compare with the high-resolution spectrum of HR 8752. The three cool hypergiants reveal broad lines with very similar shapes. The variations with time in the line shapes and depths of HR 5171A and Rho Cas are very similar. The spectroscopic variability is caused by quasi-periodic atmospheric pulsations that strongly correlates with the observed radial velocity and V-brightness changes. </subfield>
  </datafield>
  <datafield tag="700" ind1=" " ind2=" ">
    <subfield code="a"> de Jager, C.</subfield>
  </datafield>
  <datafield tag="700" ind1=" " ind2=" ">
    <subfield code="a"> Nieuwenhuijzen, H.</subfield>
  </datafield>
  <datafield tag="700" ind1=" " ind2=" ">
    <subfield code="a"> van Genderen, A. M.</subfield>
  </datafield>
  <datafield tag="700" ind1=" " ind2=" ">
    <subfield code="a"> Oudmaijer, R.</subfield>
  </datafield>
  <datafield tag="773" ind1=" " ind2=" ">
    <subfield code="p">EAS Publications Series</subfield>
    <subfield code="v">71</subfield>
    <subfield code="y">2015</subfield>
    <subfield code="c">279-280</subfield>
  </datafield>
  <datafield tag="856" ind1="4" ind2="2">
    <subfield code="a">http://esoads.eso.org/abs/2015EAS....71..279L</subfield>
  </datafield>
  <datafield tag="905" ind1=" " ind2=" ">
    <subfield code="a">published in</subfield>
  </datafield>
  <datafield tag="980" ind1=" " ind2=" ">
    <subfield code="a">NONREF</subfield>
  </datafield>
</record>
</collection>